| 000 | 00539nam a2200169 i 4500 | ||
|---|---|---|---|
| 001 | 93069 | ||
| 003 | ES-MaACL | ||
| 005 | 20230906181124.0 | ||
| 007 | t| | ||
| 008 | 050407s1972 sp ||||1| spa d | ||
| 100 | 1 |
_aLoehr, Valentín. _973095 |
|
| 245 | 1 | 0 |
_a¿Quién cree en este Cristo? _b: meditaciones bíblicas / _cpor Valentín Loehr; [traducción de Bernardo Bravo, S. J. ]. |
| 260 |
_aSantander : _bSal Terrae, _c1972. |
||
| 300 |
_a218 p. ; _c19 cm. |
||
| 700 | 1 |
_aBravo, Bernardo. _931445 |
|
| 852 |
_aES-MaACL _jC-45817 _bR.82055 |
||
| 999 |
_c93069 _d93069 |
||